000
00335 a2200109 4500
001
ART_46784
005
20260410162000.0
008
260409a
245
1
0
_a
Características y retos de un mundo globalizado
100
1
_a
Lafer, Celso
773
0
_t
Archivos del presente
_g
- Año 16, Nº 57/58 (ene. 2012)
_w
REV28180
999
_c
31170
_d
31170